<?xml version="1.0" encoding="UTF-8"?>
<collection xmlns="http://www.loc.gov/MARC21/slim">
 <record>
  <leader>03506pam a22003258a 4500</leader>
  <controlfield tag="001">00031194</controlfield>
  <controlfield tag="005">20171026081025.0</controlfield>
  <controlfield tag="008">130925s2013                  ||||||viesd</controlfield>
  <datafield tag="020" ind1="#" ind2="#">
   <subfield code="c">0</subfield>
  </datafield>
  <datafield tag="041" ind1="0" ind2="#">
   <subfield code="a">vie</subfield>
  </datafield>
  <datafield tag="082" ind1="1" ind2="4">
   <subfield code="a">540.7</subfield>
   <subfield code="b">CH561TR</subfield>
  </datafield>
  <datafield tag="245" ind1="1" ind2="0">
   <subfield code="a">Chương trình giáo dục đại học đào tạo giáo viên trung học phổ thông theo hệ thống tín chỉ cho ngành sư phạm hóa học</subfield>
  </datafield>
  <datafield tag="260" ind1="#" ind2="#">
   <subfield code="a">Hà Nội</subfield>
   <subfield code="b">Văn hóa thông tin</subfield>
   <subfield code="c">2013</subfield>
  </datafield>
  <datafield tag="300" ind1="#" ind2="#">
   <subfield code="a">359 tr.</subfield>
   <subfield code="c">27 cm.</subfield>
  </datafield>
  <datafield tag="500" ind1="#" ind2="#">
   <subfield code="a">Đầu bìa sách ghi: Bộ Giáo dục và Đào tạo MOET. Ngân hàng phát triển Châu Á ADB . Dự án PT GV THPT&amp;TCCN- Trường Đại học Vinh</subfield>
  </datafield>
  <datafield tag="653" ind1="#" ind2="#">
   <subfield code="a">Chương trình đào tạo</subfield>
  </datafield>
  <datafield tag="653" ind1="#" ind2="#">
   <subfield code="a">Giáo dục đại học</subfield>
  </datafield>
  <datafield tag="653" ind1="#" ind2="#">
   <subfield code="a">Trung học phổ thông</subfield>
  </datafield>
  <datafield tag="653" ind1="#" ind2="#">
   <subfield code="a">Sư phạm hóa học</subfield>
  </datafield>
  <datafield tag="852" ind1="#" ind2="#">
   <subfield code="b">Kho giáo trình</subfield>
   <subfield code="j">KGT.0040396, KGT.0040397, KGT.0040398, KGT.0040399, KGT.0040400, KGT.0040401, KGT.0040402, KGT.0040403, KGT.0040404, KGT.0040405, KGT.0040406, KGT.0040407, KGT.0040408, KGT.0040409, KGT.0040410, KGT.0040411, KGT.0040412, KGT.0040413, KGT.0040414, KGT.0040415, KGT.0040416, KGT.0040417, KGT.0040418, KGT.0040419, KGT.0040420, KGT.0040421, KGT.0040422, KGT.0040423, KGT.0040424, KGT.0040425, KGT.0040426, KGT.0040427, KGT.0040428, KGT.0040429, KGT.0040430, KGT.0040431, KGT.0040432, KGT.0040433, KGT.0040434, KGT.0040435, KGT.0040436, KGT.0040437, KGT.0040438, KGT.0040439, KGT.0040440, KGT.0040441, KGT.0040442, KGT.0040443, KGT.0040444, KGT.0040445, KGT.0040446, KGT.0040447, KGT.0040448, KGT.0040449, KGT.0040450, KGT.0040451, KGT.0040452, KGT.0040453, KGT.0040454, KGT.0040455, KGT.0040456, KGT.0040457, KGT.0040458, KGT.0040459, KGT.0040460, KGT.0040461, KGT.0040462, KGT.0040463, KGT.0040464, KGT.0040465, KGT.0040466, KGT.0040467, KGT.0040468, KGT.0040469, KGT.0040470, KGT.0040471, KGT.0040472, KGT.0040473, KGT.0040474, KGT.0040475, KGT.0038517, KGT.0038518, KGT.0038519, KGT.0038520, KGT.0038521, KGT.0038522, KGT.0038523, KGT.0038524, KGT.0038525, KGT.0038526, KGT.0038527, KGT.0038528, KGT.0038529, KGT.0038530, KGT.0038531, KGT.0038532, KGT.0038533, KGT.0038534, KGT.0038535, KGT.0038536, KGT.0038537, KGT.0038538, KGT.0038539, KGT.0038540, KGT.0038541, KGT.0038542, KGT.0038543, KGT.0038544, KGT.0038545, KGT.0038546, KGT.0038547, KGT.0038548</subfield>
  </datafield>
  <datafield tag="852" ind1="#" ind2="#">
   <subfield code="b">Kho mượn</subfield>
   <subfield code="j">KGT.0040419</subfield>
  </datafield>
  <datafield tag="852" ind1="#" ind2="#">
   <subfield code="j">KGT.0040398</subfield>
   <subfield code="j">KGT.0040399</subfield>
   <subfield code="j">KGT.0040401</subfield>
   <subfield code="j">KGT.0040402</subfield>
   <subfield code="j">KGT.0040406</subfield>
   <subfield code="j">KGT.0040407</subfield>
   <subfield code="j">KGT.0040409</subfield>
   <subfield code="j">KGT.0040410</subfield>
   <subfield code="j">KGT.0040412</subfield>
   <subfield code="j">KGT.0040415</subfield>
   <subfield code="j">KGT.0040417</subfield>
   <subfield code="j">KGT.0040418</subfield>
   <subfield code="j">KGT.0040420</subfield>
   <subfield code="j">KGT.0040421</subfield>
   <subfield code="j">KGT.0040423</subfield>
   <subfield code="j">KGT.0040424</subfield>
   <subfield code="j">KGT.0040426</subfield>
   <subfield code="j">KGT.0040427</subfield>
   <subfield code="j">KGT.0040429</subfield>
   <subfield code="j">KGT.0038518</subfield>
   <subfield code="j">KGT.0038519</subfield>
   <subfield code="j">KGT.0038520</subfield>
   <subfield code="j">KGT.0038521</subfield>
   <subfield code="j">KGT.0038523</subfield>
   <subfield code="j">KGT.0038524</subfield>
   <subfield code="j">KGT.0038526</subfield>
   <subfield code="j">KGT.0038528</subfield>
   <subfield code="j">KGT.0038529</subfield>
   <subfield code="j">KGT.0038530</subfield>
   <subfield code="j">KGT.0038531</subfield>
   <subfield code="j">KGT.0038533</subfield>
   <subfield code="j">KGT.0038534</subfield>
   <subfield code="j">KGT.0038536</subfield>
   <subfield code="j">KGT.0038537</subfield>
   <subfield code="j">KGT.0038539</subfield>
   <subfield code="j">KGT.0038540</subfield>
   <subfield code="j">KGT.0038542</subfield>
   <subfield code="j">KGT.0038543</subfield>
   <subfield code="j">KGT.0038545</subfield>
   <subfield code="j">KGT.0038547</subfield>
   <subfield code="j">KGT.0038548</subfield>
   <subfield code="j">KGT.0040396</subfield>
   <subfield code="j">KGT.0040404</subfield>
   <subfield code="j">KGT.0040405</subfield>
   <subfield code="j">KGT.0040413</subfield>
   <subfield code="j">KGT.0040414</subfield>
   <subfield code="j">KD.0014978</subfield>
   <subfield code="j">KGT.0038517</subfield>
   <subfield code="j">KGT.0038522</subfield>
   <subfield code="j">KGT.0038525</subfield>
   <subfield code="j">KGT.0038527</subfield>
   <subfield code="j">KGT.0038532</subfield>
   <subfield code="j">KGT.0038535</subfield>
   <subfield code="j">KGT.0038538</subfield>
   <subfield code="j">KGT.0038541</subfield>
   <subfield code="j">KGT.0038544</subfield>
   <subfield code="j">KGT.0038546</subfield>
   <subfield code="j">KGT.0040397</subfield>
   <subfield code="j">KGT.0040400</subfield>
   <subfield code="j">KGT.0040403</subfield>
   <subfield code="j">KGT.0040408</subfield>
   <subfield code="j">KGT.0040411</subfield>
   <subfield code="j">KGT.0040416</subfield>
   <subfield code="j">KGT.0040419</subfield>
   <subfield code="j">KGT.0040422</subfield>
   <subfield code="j">KGT.0040425</subfield>
   <subfield code="j">KGT.0040428</subfield>
  </datafield>
  <datafield tag="852" ind1="#" ind2="#">
   <subfield code="b">Kho đọc</subfield>
   <subfield code="j">KD.0014978</subfield>
  </datafield>
  <datafield tag="910" ind1=" " ind2=" ">
   <subfield code="d">9/2013</subfield>
  </datafield>
  <datafield tag="980" ind1="#" ind2="#">
   <subfield code="a">Trung tâm Học liệu Lê Vũ Hùng, Trường Đại học Đồng Tháp</subfield>
  </datafield>
 </record>
</collection>
